|
|
|
|
| LEADER |
01906nam a2200409Ia 4500 |
| 001 |
9781134806591 |
| 003 |
FlBoTFG |
| 005 |
20100930121850.0 |
| 006 |
a|||||s||||||||||| |
| 007 |
cr|||| |
| 008 |
100819s1995 enkab sb 001 0 eng d |
| 020 |
|
|
|a 9780203990032 (e-book : PDF)
|
| 040 |
|
|
|a FlBoTFG
|c FlBoTFG
|d GrThAP
|
| 090 |
|
|
|a GN492
|b .S73 1995
|
| 092 |
|
|
|a 306.2
|b S797
|
| 245 |
0 |
0 |
|a State and society
|h [electronic resource] :
|b the emergence and development of social hierarchy and political centralization /
|c edited by John Gledhill, Barbara Bender, Mogens Trolle Larsen.
|
| 260 |
|
|
|a London :
|b Routledge,
|c 1995.
|
| 300 |
|
|
|a xxi, 343 p. :
|b ill., maps ;
|c [ca. 23-29] cm.
|
| 490 |
1 |
|
|a One world archaeology ;
|v 4
|
| 500 |
|
|
|a First published 1988 by Unwin Hyman Ltd.
|
| 504 |
|
|
|a Includes bibliographical references and index.
|
| 505 |
0 |
|
|a Ranked societies and the transition of statehood -- The dynamics of state formation : formation processes, cumulative and uneven development, devolution and resistance -- The role of writing and literacy in the development of social and political power -- European colonialism, the transformation of indigenous state forms, and the development of modern national states.
|
| 530 |
|
|
|a Also available in print edition.
|
| 533 |
|
|
|a Electronic reproduction.
|b [London, Eng. :
|b Taylor and Francis,
|d 2010].
|n PDF file created from digital scan of print book.
|
| 650 |
|
0 |
|a Political anthropology.
|
| 650 |
|
0 |
|a Social structure.
|
| 650 |
|
0 |
|a State, The
|x Origin.
|
| 650 |
|
0 |
|a Social archaeology.
|
| 655 |
|
7 |
|a Electronic books.
|2 lcsh
|
| 700 |
1 |
|
|a Gledhill, John.
|
| 700 |
1 |
|
|a Bender, Barbara.
|
| 700 |
1 |
|
|a Larsen, Mogens Trolle.
|
| 776 |
1 |
|
|z 9780415122559
|
| 776 |
1 |
|
|z 9780044450238
|
| 776 |
1 |
|
|z 0415122554
|
| 830 |
|
0 |
|a One world archaeology ;
|v 4.
|
| 856 |
4 |
0 |
|u http://www.tandfebooks.com/isbn/9780203990032
|z Full Text via HEAL-Link
|